[Event "Nairobi Capablanca Cup 6th"]
[Site "Nairobi"]
[Date "2016.02.21"]
[Round "6"]
[White "Kuritto, Douglas"]
[Black "Tom, Amwai"]
[Result "0-1"]
[WhiteElo "1802"]
[BlackElo "1526"]
[PlyCount "52"]
[EventDate "2016.02.20"]
[EventType "swiss"]
[EventRounds "6"]
[EventCountry "KEN"]
[SourceTitle "CBM 171 Extra"]
[Source "ChessBase"]
[SourceDate "2016.04.26"]
[SourceVersion "1"]
[SourceVersionDate "2016.04.26"]
[SourceQuality "1"]

1. b3 e5 2. Bb2 Nc6 3. e3 Nf6 4. Bb5 d6 5. Bxc6+ bxc6 6. c4 Be7 7. Nc3 0-0 8. Nge2 d5 9. d3 Bd6 10. 0-0 Bg4 11. Qc2 Nh5 12. Ng3 Qg5 13. Nce2 Nxg3 14. Nxg3 h5 15. e4 h4 16. Nh1 Bf3 17. Ng3 hxg3 18. gxf3 g2 19. Rfe1 d4 20. Bc1 Qg6 21. Qd2 f6 22. a4 a5 23. c5 Kf7 24. cxd6 Rh8 25. f4 Rxh2 26. f3 Rh1+ 0-1

[Event "Nairobi Capablanca Cup 6th"]
[Site "Nairobi"]
[Date "2016.02.20"]
[Round "1"]
[White "Tom, Amwai"]
[Black "Jackson, Ndegwa"]
[Result "0-1"]
[WhiteElo "1526"]
[BlackElo "1936"]
[PlyCount "76"]
[EventDate "2016.02.20"]
[EventType "swiss"]
[EventRounds "6"]
[EventCountry "KEN"]
[SourceTitle "CBM 171 Extra"]
[Source "ChessBase"]
[SourceDate "2016.04.26"]
[SourceVersion "1"]
[SourceVersionDate "2016.04.26"]
[SourceQuality "1"]

1. e4 d5 2. exd5 Nf6 3. Nf3 Nxd5 4. d4 c6 5. Be2 Bf5 6. a3 e6 7. 0-0 Bd6 8. c4 Nf6 9. Nc3 Nbd7 10. d5 cxd5 11. cxd5 e5 12. Nb5 Bc5 13. b4 Bb6 14. Nd6+ Kf8 15. Nxf5 e4 16. Ng5 h6 17. Nh3 g6 18. Ng3 h5 19. Qc2 Rc8 20. Qb3 h4 21. Nh1 Ne5 22. Bb2 Bc7 23. Rfd1 Qd6 24. f4 exf3 25. Bxe5 Qxe5 26. Qxf3 Qxh2+ 27. Kf2 Bb6+ 28. Ke1 Kg7 29. N1f2 Rc2 30. Rd2 Bxf2+ 31. Kxf2 Rxd2 32. Qc3 Rxd5 33. Bf3 Rf5 34. Qd4 Qg3+ 35. Kg1 Rxf3 36. Kh1 Re8 37. gxf3 Qxh3+ 38. Kg1 Re2 0-1

[Event "Nairobi op 57th"]
[Site "Nairobi"]
[Date "2015.08.23"]
[Round "6"]
[White "Tom, Amwai"]
[Black "Methu, Joseph Muraga"]
[Result "0-1"]
[WhiteElo "1673"]
[BlackElo "1731"]
[PlyCount "74"]
[EventDate "2015.08.22"]
[EventType "swiss"]
[EventRounds "6"]
[EventCountry "KEN"]
[SourceTitle "EXT 2016"]
[Source "ChessBase"]
[SourceDate "2015.10.08"]
[SourceVersion "1"]
[SourceVersionDate "2015.10.08"]
[SourceQuality "1"]

1. d4 Nf6 2. c4 g6 3. Nc3 Bg7 4. Nf3 0-0 5. e4 d6 6. Be2 e5 7. d5 a5 8. b3 Nh5 9. 0-0 Nf4 10. Bxf4 exf4 11. Rc1 g5 12. h3 Nd7 13. Nh2 Ne5 14. Ng4 f5 15. exf5 Bxf5 16. Nxe5 Bxe5 17. Bg4 Qd7 18. f3 Bxg4 19. hxg4 Kg7 20. Ne4 Qe7 21. Kf2 h5 22. Rh1 hxg4 23. fxg4 Bb2 24. Kf3 Bxc1 25. Qd4+ Qe5 26. Qxe5+ dxe5 27. Nxg5 Ba3 28. Ne6+ Kg6 29. Nxf8+ Rxf8 30. Rh5 Bb2 31. Rh3 a4 32. Rh1 axb3 33. axb3 Ra8 34. Rb1 Bd4 35. g3 fxg3 36. Kxg3 Ra1 37. Rxa1 Bxa1 0-1